| 000 | 01107cam a22003257a 4500 | ||
|---|---|---|---|
| 003 | CHAP | ||
| 005 | 20220817043459.0 | ||
| 008 | 981009d1993 mx a r 00010 spa d | ||
| 010 | _a76366 | ||
| 011 | _a77338 | ||
| 035 | _a86943 | ||
| 040 | _cCHAP | ||
| 090 | _aFolleto 15181 | ||
| 100 | 0 | 0 |
_aChávez, Miriam M. de. _922809 |
| 245 | 0 |
_aGuías de alimentación : _bconsejos prácticos para alcanzar y mantener un buen estado de nutrición y salud _c1993 |
|
| 260 |
_aMéxico, D.F. ; _bInstituto Nacional de Nutrición Salvador Zurbiran, _c1993. |
||
| 300 |
_a58 p. : _bilus. ; cuadros |
||
| 590 |
_aBATCH-UPD _b10 _c20130110 _lUCH01 _h1634 |
||
| 590 |
_aBATCH-UPD _b10 _c20130410 _lUCH01 _h1026 |
||
| 590 |
_aBATCH-UPD _b10 _c20130914 _lUCH01 _h0153 |
||
| 590 |
_aBATCH-UPD _b10 _c20130914 _lUCH01 _h1844 |
||
| 590 |
_aCONVERSION _b10 _c20130109 _lUCH01 _h1342 |
||
| 650 | 1 | 4 |
_aAlimentos _xCalidad. |
| 650 | 1 | 4 |
_aAlimentos _xValor nutritivo. _94298 |
| 650 | 1 | 4 |
_aNutrición. _982246 |
| 901 | _aBK | ||
| 905 | _aMayto Villalobos S. | ||
| 942 | _cFOLL | ||
| 949 |
_aFolleto 15181 _bBC _cFOLL _d869431 _eTS1 _i86943 _st |
||
| 999 |
_c76366 _d76366 |
||